000 01417cam a2200229 4500500
005 20260208005140.0
041 _afre
042 _adc
100 1 0 _aAarons, Victoria
_eauthor
245 0 0 _aReinventing Philip Roth in the Fiction of Others
260 _c2021.
500 _a55
520 _aCet essai a trait à « l’héritage » rothien. Au travers, principalement, de l’étude d’une nouvelle de Sam Apple publiée en 2015 et d’un roman graphique publié par Anya Ulinich en 2014, on s’intéressera à la façon dont les successeurs et disciples de l’auteur s’emploient à le mettre en scène et à le réinventer dans leur fiction, suivant un processus qui tient tout à la fois de l’hommage respectueux et de l’irrévérence parodique. La démarche, par-delà toute anxiété de l’influence, procède d’une réflexion ironique sur les rapports entre fiction et métafiction ainsi que sur les ambiguïtés et les paradoxes inhérents à toute représentation de soi-même et d’autrui.
690 _a“anxiety of influence”
690 _aautofiction
690 _airony
690 _ametafiction
690 _aparody
690 _aRoth
786 0 _nRevue française d’études américaines | 166 | 1 | 2021-04-26 | p. 62-74 | 0397-7870
856 4 1 _uhttps://shs.cairn.info/journal-revue-francaise-d-etudes-americaines-2021-1-page-62?lang=en&redirect-ssocas=7080
999 _c1650776
_d1650776